[Event "Summer Prague Open 2022 - A"]
[Site "Olympik hotel, Sokolovska 138, Praha"]
[Date "2022.08.11"]
[Round "8"]
[Board "5"]
[White "Kaspi, Alexander"]
[Black "Brejnik, Gustav"]
[Result "1-0"]
[WhiteElo "2412"]
[BlackElo "2300"]
[PlyCount "0"]
[EventDate "2022.08.05"]
[EventRounds "9"]
[EventCountry "CZE"]

1. d4 {[%clk 1:30:56]} d5 {[%clk 1:30:55]} 2. c4 {[%clk 1:31:18]} c6
{[%clk 1:31:22]} 3. Nf3 {[%clk 1:31:41]} Nf6 {[%clk 1:31:47]} 4. Qb3
{[%clk 1:31:35]} dxc4 {[%clk 1:32:01]} 5. Qxc4 {[%clk 1:31:59]} Bf5
{[%clk 1:32:28]} 6. g3 {[%clk 1:32:17]} e6 {[%clk 1:32:52]} 7. Bg2
{[%clk 1:32:41]} Be7 {[%clk 1:33:18]} 8. O-O {[%clk 1:33:03]} O-O
{[%clk 1:33:44]} 9. Nbd2 {[%clk 1:33:13]} Nbd7 {[%clk 1:06:03]} 10. Qb3
{[%clk 1:33:17]} Nb6 {[%clk 1:04:04]} 11. a4 {[%clk 1:30:34]} a5 {[%clk 1:04:17]}
12. Rd1 {[%clk 1:30:45]} Ne4 {[%clk 0:50:07]} 13. Nf1 {[%clk 1:28:36]} h6
{[%clk 0:35:36]} 14. Ne5 {[%clk 1:25:00]} Bh7 {[%clk 0:29:25]} 15. f3
{[%clk 1:22:58]} Nd6 {[%clk 0:29:52]} 16. e4 {[%clk 1:22:48]} Nd7
{[%clk 0:30:08]} 17. Be3 {[%clk 1:19:10]} Qb6 {[%clk 0:23:35]} 18. Qa2
{[%clk 1:15:28]} Qc7 {[%clk 0:23:21]} 19. Nd3 {[%clk 1:09:29]} b6
{[%clk 0:20:51]} 20. Rac1 {[%clk 1:08:14]} Qb7 {[%clk 0:21:19]} 21. Rc3
{[%clk 0:55:37]} Rfc8 {[%clk 0:21:17]} 22. Rdc1 {[%clk 0:53:13]} Ne8
{[%clk 0:21:37]} 23. b3 {[%clk 0:52:14]} Nef6 {[%clk 0:19:42]} 24. Qf2
{[%clk 0:42:33]} Nb8 {[%clk 0:18:46]} 25. g4 {[%clk 0:40:28]} Na6
{[%clk 0:18:43]} 26. h4 {[%clk 0:40:36]} Nb4 {[%clk 0:18:24]} 27. Nxb4
{[%clk 0:33:10]} Bxb4 {[%clk 0:17:35]} 28. R3c2 {[%clk 0:33:17]} Ba3
{[%clk 0:17:59]} 29. Ra1 {[%clk 0:32:46]} Be7 {[%clk 0:18:16]} 30. g5
{[%clk 0:32:18]} hxg5 {[%clk 0:18:42]} 31. hxg5 {[%clk 0:32:42]} Nd7
{[%clk 0:14:12]} 32. f4 {[%clk 0:30:56]} c5 {[%clk 0:13:42]} 33. g6
{[%clk 0:25:54]} Bxg6 {[%clk 0:13:52]} 34. f5 {[%clk 0:26:18]} Bh7
{[%clk 0:06:36]} 35. e5 {[%clk 0:25:38]} Qb8 {[%clk 0:07:05]} 36. Bxa8
{[%clk 0:25:15]} Qxa8 {[%clk 0:07:28]} 37. Ng3 {[%clk 0:25:31]} Bh4
{[%clk 0:05:51]} 38. Qf4 {[%clk 0:24:42]} Bxg3 {[%clk 0:05:53]} 39. Qxg3
{[%clk 0:25:05]} Bxf5 {[%clk 0:05:55]} 40. Rg2 {[%clk 0:24:16]} Bg6
{[%clk 0:05:26]} 41. Rf1 {[%clk 0:12:00]} Qe4 {[%clk 0:29:49]} 42. Rf4
{[%clk 0:41:11]} Qb1+ {[%clk 0:28:12]} 43. Kh2 {[%clk 0:41:29]} cxd4
{[%clk 0:25:03]} 44. Rxd4 {[%clk 0:41:11]} Nf8 {[%clk 0:15:09]} 45. Bd2
{[%clk 0:33:33]} Qd1 {[%clk 0:14:15]} 46. Rd6 {[%clk 0:21:43]} Qh5+
{[%clk 0:13:52]} 47. Kg1 {[%clk 0:22:08]} Qd1+ {[%clk 0:08:18]} 48. Kh2
{[%clk 0:21:58]} Qh5+ {[%clk 0:08:04]} 49. Kg1 {[%clk 0:22:14]} Rc2
{[%clk 0:06:58]} 50. Rd8 {[%clk 0:17:52]} Qd1+ {[%clk 0:07:15]} 51. Kh2
{[%clk 0:17:25]} Qh5+ {[%clk 0:07:41]} 52. Kg1 {[%clk 0:17:47]} Qd1+
{[%clk 0:08:04]} 53. Qe1 {[%clk 0:15:35]} Qf3 {[%clk 0:07:28]} 54. Qh4
{[%clk 0:15:18]} Qd1+ {[%clk 0:06:09]} 55. Kh2 {[%clk 0:14:26]} Qh5
{[%clk 0:06:00]} 56. Qxh5 {[%clk 0:14:29]} Bxh5 {[%clk 0:06:29]} 57. Bg5
{[%clk 0:11:47]} Rc7 {[%clk 0:06:22]} 58. Rgd2 {[%clk 0:11:01]} f6
{[%clk 0:06:02]} 59. exf6 {[%clk 0:11:24]} Kf7 {[%clk 0:05:43]} 60. fxg7
{[%clk 0:10:59]} Kxg7 {[%clk 0:06:09]} 61. Bf4 {[%clk 0:10:55]} Rf7
{[%clk 0:06:09]} 62. Be5+ {[%clk 0:09:04]} Kh7 {[%clk 0:06:12]} 63. Bd4
{[%clk 0:08:32]} Ng6 {[%clk 0:06:21]} 64. Rf2 {[%clk 0:08:31]} Rb7
{[%clk 0:04:48]} 65. Kg3 {[%clk 0:07:59]} e5 {[%clk 0:05:03]} 66. Rh2
{[%clk 0:07:15]} exd4 {[%clk 0:04:44]} 67. Rxh5+ {[%clk 0:07:40]} Kg7
{[%clk 0:05:12]} 68. Rd6 {[%clk 0:07:52]} Ne7 {[%clk 0:05:02]} 69. Rb5
{[%clk 0:07:11]} Nc8 {[%clk 0:04:53]} 70. Rc6 {[%clk 0:07:12]} Rb8
{[%clk 0:05:19]} 71. Kf4 {[%clk 0:06:06]} Kf7 {[%clk 0:05:48]} 72. Ke5
{[%clk 0:06:11]} Ke7 {[%clk 0:06:12]} 73. Rc7+ {[%clk 0:06:31]} Kd8
{[%clk 0:06:17]} 74. Rh7 {[%clk 0:06:54]} Ne7 {[%clk 0:06:36]} 75. Kd6
{[%clk 0:06:39]} Nc8+ {[%clk 0:07:04]} 76. Ke6 {[%clk 0:07:01]}  1-0

[Event "Summer Prague Open 2022 - A"]
[Site "Olympik hotel, Sokolovska 138, Praha"]
[Date "2022.08.11"]
[Round "8"]
[Board "6"]
[White "Sarkar, Justin"]
[Black "Weishaeutel, Moritz"]
[Result "1/2-1/2"]
[WhiteElo "2352"]
[BlackElo "2396"]
[PlyCount "0"]
[EventDate "2022.08.05"]
[EventRounds "9"]
[EventCountry "CZE"]

1. e4 {[%clk 1:30:48]} c5 {[%clk 1:30:54]} 2. Nf3 {[%clk 1:31:03]} d6
{[%clk 1:31:16]} 3. d4 {[%clk 1:31:01]} cxd4 {[%clk 1:31:40]} 4. Nxd4
{[%clk 1:31:24]} Nf6 {[%clk 1:32:02]} 5. Nc3 {[%clk 1:31:36]} g6 {[%clk 1:32:23]}
6. Be3 {[%clk 1:31:44]} Bg7 {[%clk 1:32:47]} 7. f3 {[%clk 1:31:26]} O-O
{[%clk 1:33:08]} 8. Qd2 {[%clk 1:31:24]} Nc6 {[%clk 1:33:30]} 9. O-O-O
{[%clk 1:30:24]} d5 {[%clk 1:33:54]} 10. Nxc6 {[%clk 1:27:29]} bxc6
{[%clk 1:34:01]} 11. exd5 {[%clk 1:27:44]} cxd5 {[%clk 1:34:21]} 12. Nxd5
{[%clk 1:27:58]} Nxd5 {[%clk 1:34:42]} 13. Qxd5 {[%clk 1:28:24]} Qc7
{[%clk 1:34:59]} 14. Qc5 {[%clk 1:28:44]} Qb7 {[%clk 1:35:18]} 15. Qa3
{[%clk 1:28:44]} Bf5 {[%clk 1:22:00]} 16. Bd3 {[%clk 1:29:01]} Rab8
{[%clk 1:21:57]} 17. b3 {[%clk 1:29:02]} Rfc8 {[%clk 1:18:15]} 18. Bxf5
{[%clk 1:27:48]} gxf5 {[%clk 1:18:37]} 19. Qa5 {[%clk 0:57:32]} Qc6
{[%clk 1:11:43]} 20. c4 {[%clk 0:52:10]} Qe6 {[%clk 1:06:46]} 21. Rhe1
{[%clk 0:40:59]} Rxc4+ {[%clk 0:56:11]} 22. Kb1 {[%clk 0:41:20]} Rcc8
{[%clk 0:54:05]} 23. Qd5 {[%clk 0:28:50]} Qg6 {[%clk 0:50:42]} 24. Bf4
{[%clk 0:26:43]} e6 {[%clk 0:44:29]} 25. Qd7 {[%clk 0:24:25]} Qxg2
{[%clk 0:35:09]} 26. Rd2 {[%clk 0:23:49]} Qxf3 {[%clk 0:35:33]} 27. Bxb8
{[%clk 0:24:00]} Rxb8 {[%clk 0:35:55]} 28. Qc7 {[%clk 0:08:48]} Rf8
{[%clk 0:33:38]} 29. Rd8 {[%clk 0:08:30]} Qf2 {[%clk 0:31:18]} 30. Rxf8+
{[%clk 0:07:12]} Bxf8 {[%clk 0:31:44]} 31. Rd1 {[%clk 0:07:33]} f4
{[%clk 0:31:28]} 32. Rd8 {[%clk 0:06:10]} Qg1+ {[%clk 0:31:36]} 33. Qc1
{[%clk 0:02:23]} Qxh2 {[%clk 0:30:08]} 34. Qc5 {[%clk 0:02:19]} Qh1+
{[%clk 0:30:17]} 35. Kc2 {[%clk 0:02:23]} Qg2+ {[%clk 0:30:19]} 36. Kd3
{[%clk 0:00:34]} Qg6+ {[%clk 0:29:17]} 37. Kd2 {[%clk 0:00:50]} Qg7
{[%clk 0:26:52]} 38. Rxf8+ {[%clk 0:01:11]} Qxf8 {[%clk 0:27:12]} 39. Qg5+
{[%clk 0:01:39]} Qg7 {[%clk 0:27:17]} 40. Qd8+ {[%clk 0:02:06]} Qf8
{[%clk 0:27:35]} 41. Qg5+ {[%clk 0:02:35]}  1/2-1/2

[Event "Summer Prague Open 2022 - A"]
[Site "Olympik hotel, Sokolovska 138, Praha"]
[Date "2022.08.11"]
[Round "8"]
[Board "7"]
[White "Nemeth, Zalan"]
[Black "Hrabusa, Matej"]
[Result "0-1"]
[WhiteElo "2245"]
[BlackElo "2354"]
[PlyCount "0"]
[EventDate "2022.08.05"]
[EventRounds "9"]
[EventCountry "CZE"]

1. c4 {[%clk 1:30:58]} c6 {[%clk 1:30:52]} 2. g3 {[%clk 1:31:16]} d5
{[%clk 1:31:16]} 3. Nf3 {[%clk 1:31:44]} Nf6 {[%clk 1:31:36]} 4. Bg2
{[%clk 1:32:10]} dxc4 {[%clk 1:31:49]} 5. O-O {[%clk 1:32:27]} Nbd7
{[%clk 1:32:02]} 6. Qc2 {[%clk 1:32:40]} Nb6 {[%clk 1:32:03]} 7. Na3
{[%clk 1:28:23]} Be6 8. Ne5 {[%clk 1:24:33]} h5 {[%clk 1:31:03]} 9. h4
{[%clk 1:22:57]} Ng4 10. Naxc4 {[%clk 1:21:12]} Nxc4 {[%clk 1:30:51]} 11. Nxc4
{[%clk 1:21:37]} g5 {[%clk 1:30:56]} 12. hxg5 {[%clk 1:17:55]} Bg7
{[%clk 1:28:21]} 13. d3 h4 {[%clk 1:24:23]} 14. Bf4 {[%clk 1:09:23]} Bd5
{[%clk 1:19:48]} 15. e4 {[%clk 0:57:46]} Be6 {[%clk 1:14:43]} 16. Ne3
{[%clk 0:39:32]} hxg3 {[%clk 1:00:18]} 17. Bxg3 {[%clk 0:38:45]} Qd4
{[%clk 0:49:53]} 18. Nf5 {[%clk 0:33:57]} Bxf5 {[%clk 0:48:11]} 19. exf5
{[%clk 0:33:35]} Be5 {[%clk 0:45:32]} 20. Bxe5 {[%clk 0:32:04]} Qxe5
{[%clk 0:42:21]} 21. Rfe1 {[%clk 0:32:30]} Qxf5 {[%clk 0:37:35]} 22. Re4
{[%clk 0:23:35]} Qxg5 {[%clk 0:32:31]} 23. Qe2 {[%clk 0:20:24]} Rg8
{[%clk 0:30:20]} 24. Re1 {[%clk 0:12:44]} e6 {[%clk 0:26:00]} 25. f3
{[%clk 0:10:08]} Nf6 {[%clk 0:22:02]} 26. Re5 {[%clk 0:08:50]} Qg7
{[%clk 0:21:16]} 27. f4 {[%clk 0:07:15]} O-O-O {[%clk 0:18:26]} 28. Rg5
{[%clk 0:05:00]} Qh6 {[%clk 0:14:55]} 29. Qd2 {[%clk 0:02:55]} Qh4
{[%clk 0:12:54]} 30. Re2 {[%clk 0:01:42]} Ng4 {[%clk 0:11:24]} 31. Be4
{[%clk 0:00:45]} f5 {[%clk 0:10:31]} 32. Bg2 {[%clk 0:00:31]} Rxg5
{[%clk 0:08:49]} 33. fxg5 {[%clk 0:00:59]} Qg3 {[%clk 0:08:12]} 34. d4
{[%clk 0:00:47]} Rh8 {[%clk 0:08:04]}  0-1

[Event "Summer Prague Open 2022 - A"]
[Site "Olympik hotel, Sokolovska 138, Praha"]
[Date "2022.08.11"]
[Round "8"]
[Board "9"]
[White "Kambrath, Yannick"]
[Black "Dauth, Benjamin"]
[Result "1/2-1/2"]
[WhiteElo "2401"]
[BlackElo "2209"]
[PlyCount "0"]
[EventDate "2022.08.05"]
[EventRounds "9"]
[EventCountry "CZE"]

1. d4 {[%clk 1:26:04]} d6 {[%clk 1:30:18]} 2. Nf3 {[%clk 1:26:11]} Nc6
{[%clk 1:29:10]} 3. c4 {[%clk 1:20:16]} Bg4 {[%clk 1:28:30]} 4. Nc3
{[%clk 1:19:44]} e5 {[%clk 1:28:40]} 5. d5 {[%clk 1:19:53]} Bxf3 {[%clk 1:28:39]}
6. exf3 {[%clk 1:20:18]} Nd4 {[%clk 1:28:49]} 7. g3 {[%clk 1:19:12]} g6
{[%clk 1:28:29]} 8. Bg2 {[%clk 1:19:02]} Bh6 {[%clk 1:27:46]} 9. f4
{[%clk 1:17:10]} f6 {[%clk 1:19:30]} 10. O-O {[%clk 1:15:54]} Nf5
{[%clk 1:13:41]} 11. fxe5 {[%clk 1:03:21]} Bxc1 {[%clk 1:12:54]} 12. Qxc1
{[%clk 1:03:37]} dxe5 {[%clk 1:11:33]} 13. f4 {[%clk 0:57:04]} Qe7
{[%clk 1:11:31]} 14. fxe5 {[%clk 0:54:44]} fxe5 {[%clk 1:11:17]} 15. Ne4
{[%clk 0:52:37]} Ngh6 {[%clk 1:11:32]} 16. Bh3 {[%clk 0:40:33]} O-O
{[%clk 1:09:38]} 17. Qg5 {[%clk 0:34:50]} Rae8 {[%clk 0:47:54]} 18. Rae1
{[%clk 0:32:22]} Kg7 {[%clk 0:47:25]} 19. Qxe7+ {[%clk 0:27:36]} Rxe7
{[%clk 0:47:38]} 20. Nc5 {[%clk 0:26:54]} Nd4 {[%clk 0:46:50]} 21. Rxf8
{[%clk 0:26:52]} Kxf8 {[%clk 0:47:15]} 22. Kg2 {[%clk 0:26:19]} Nhf5
{[%clk 0:44:04]} 23. Bxf5 {[%clk 0:17:51]} gxf5 {[%clk 0:44:16]} 24. Rxe5
{[%clk 0:14:33]} Rxe5 {[%clk 0:42:15]} 25. Nd7+ {[%clk 0:15:02]} Ke7
{[%clk 0:42:37]} 26. Nxe5 {[%clk 0:15:31]} Kd6 {[%clk 0:42:56]} 27. Nf3
{[%clk 0:10:44]} Kc5 {[%clk 0:37:40]} 28. Nd2 {[%clk 0:07:48]} b5
{[%clk 0:37:55]} 29. cxb5 {[%clk 0:08:13]} Nxb5 {[%clk 0:36:45]} 30. Kf3
{[%clk 0:08:34]} Kxd5 {[%clk 0:37:10]} 31. Ke3 {[%clk 0:08:23]} Nd6
{[%clk 0:37:01]} 32. Kd3 {[%clk 0:07:49]} c5 {[%clk 0:36:29]} 33. b3
{[%clk 0:03:53]} Ke6 {[%clk 0:36:51]} 34. Nc4 {[%clk 0:03:13]} Ne4
{[%clk 0:37:15]} 35. Ke3 {[%clk 0:02:27]} Nc3 {[%clk 0:36:17]} 36. a3
{[%clk 0:02:40]} Nb5 {[%clk 0:35:32]} 37. Kd3 {[%clk 0:02:38]} Nd4
{[%clk 0:33:11]} 38. b4 {[%clk 0:02:09]} Nf3 {[%clk 0:33:33]} 39. h3 cxb4
{[%clk 0:32:57]} 40. axb4 {[%clk 0:01:47]} Ng5 {[%clk 0:32:48]} 41. b5
{[%clk 0:18:10]} Nxh3 {[%clk 1:01:15]} 42. b6 {[%clk 0:17:15]} axb6
{[%clk 0:59:29]} 43. Nxb6 {[%clk 0:17:43]} h5 {[%clk 0:59:40]} 44. Ke3
{[%clk 0:18:07]} Ng5 {[%clk 1:00:00]} 45. Kf4 {[%clk 0:17:51]} Ne4
{[%clk 1:00:23]} 46. Nc4 {[%clk 0:17:53]}  1/2-1/2

[Event "Summer Prague Open 2022 - A"]
[Site "Olympik hotel, Sokolovska 138, Praha"]
[Date "2022.08.11"]
[Round "8"]
[Board "10"]
[White "Polster, Christian"]
[Black "Ranaldi, Lucas"]
[Result "0-1"]
[WhiteElo "2236"]
[BlackElo "2339"]
[PlyCount "0"]
[EventDate "2022.08.05"]
[EventRounds "9"]
[EventCountry "CZE"]

1. e4 {[%clk 1:30:57]} c6 {[%clk 1:30:44]} 2. Nc3 {[%clk 1:31:20]} d5
{[%clk 1:31:06]} 3. Nf3 {[%clk 1:31:46]} Bg4 {[%clk 1:31:28]} 4. h3
{[%clk 1:31:55]} Bxf3 {[%clk 1:31:41]} 5. Qxf3 {[%clk 1:32:18]} Nf6
{[%clk 1:31:25]} 6. d4 {[%clk 1:32:10]} dxe4 {[%clk 1:29:24]} 7. Nxe4
{[%clk 1:31:44]} Qxd4 {[%clk 1:29:16]} 8. Bd3 {[%clk 1:32:00]} Nbd7
{[%clk 1:28:34]} 9. Be3 {[%clk 1:29:53]} Qd5 {[%clk 1:27:38]} 10. Rd1
{[%clk 1:26:01]} g6 {[%clk 1:27:19]} 11. O-O {[%clk 1:20:41]} Bg7
{[%clk 1:27:34]} 12. Nxf6+ {[%clk 1:18:12]} Nxf6 {[%clk 1:21:47]} 13. Qg3
{[%clk 1:13:45]} Qxa2 {[%clk 1:02:15]} 14. Qc7 {[%clk 1:02:28]} Nd5
{[%clk 0:49:23]} 15. Qxb7 {[%clk 0:51:29]} O-O {[%clk 0:49:26]} 16. Bc1
{[%clk 0:37:11]} Rfc8 {[%clk 0:41:57]} 17. c3 {[%clk 0:18:18]} Rab8
{[%clk 0:30:27]} 18. Qd7 {[%clk 0:17:11]} h5 {[%clk 0:29:38]} 19. h4
{[%clk 0:15:24]} Qa4 {[%clk 0:29:11]} 20. Qh3 {[%clk 0:11:23]} Nf4
{[%clk 0:23:44]} 21. Bxf4 {[%clk 0:09:35]} Qxf4 {[%clk 0:24:11]} 22. Rfe1
{[%clk 0:08:59]} e6 {[%clk 0:18:30]} 23. Re4 {[%clk 0:09:06]} Qf6
{[%clk 0:18:06]} 24. Rb1 {[%clk 0:04:06]} Rd8 {[%clk 0:17:43]} 25. Qe3
{[%clk 0:04:10]} Rd7 {[%clk 0:15:04]} 26. Ra4 {[%clk 0:03:24]} Qe5
{[%clk 0:10:24]} 27. Be4 {[%clk 0:02:04]} Rxb2 {[%clk 0:09:29]} 28. Rf1
{[%clk 0:01:13]} Qxc3 {[%clk 0:07:15]} 29. Qxc3 {[%clk 0:01:02]} Bxc3
{[%clk 0:07:41]} 30. Bxc6 {[%clk 0:01:24]} Rdd2 {[%clk 0:06:07]} 31. Rf4
{[%clk 0:01:34]} f5 {[%clk 0:05:26]} 32. Be8 {[%clk 0:00:56]} Kg7
{[%clk 0:05:42]} 33. Rc4 {[%clk 0:01:01]} Bd4 {[%clk 0:05:31]} 34. Rc7+
{[%clk 0:01:23]} Kh6 {[%clk 0:05:20]} 35. Re7 {[%clk 0:01:06]} Bxf2+
{[%clk 0:05:10]} 36. Kh2 {[%clk 0:00:56]} Bxh4 {[%clk 0:05:15]} 37. Rxe6
{[%clk 0:01:07]} Rxg2+ {[%clk 0:05:33]} 38. Kh3 {[%clk 0:01:27]} Rh2#  0-1

[Event "Summer Prague Open 2022 - A"]
[Site "Olympik hotel, Sokolovska 138, Praha"]
[Date "2022.08.11"]
[Round "8"]
[Board "11"]
[White "Mirimanian, Hayk"]
[Black "Risting, Eivind Olav"]
[Result "1-0"]
[WhiteElo "2228"]
[BlackElo "2325"]
[PlyCount "0"]
[EventDate "2022.08.05"]
[EventRounds "9"]
[EventCountry "CZE"]

1. e4 {[%clk 1:25:36]} c6 {[%clk 1:30:48]} 2. d4 {[%clk 1:25:40]} d5
{[%clk 1:31:08]} 3. e5 {[%clk 1:25:56]} Bf5 {[%clk 1:30:08]} 4. c4
{[%clk 1:26:01]} e6 {[%clk 1:29:14]} 5. Nc3 {[%clk 1:26:02]} Ne7 {[%clk 1:27:56]}
6. Nge2 {[%clk 1:26:00]} dxc4 {[%clk 1:12:52]} 7. Ng3 {[%clk 1:25:21]} Nd7
{[%clk 1:04:07]} 8. Bxc4 {[%clk 1:08:46]} Nb6 {[%clk 1:03:01]} 9. Bb3
{[%clk 1:08:41]} Qd7 {[%clk 0:58:31]} 10. Bg5 {[%clk 0:58:07]} Bg6
{[%clk 0:56:38]} 11. O-O {[%clk 0:52:56]} h6 {[%clk 0:51:11]} 12. Be3
{[%clk 0:49:57]} Nf5 {[%clk 0:48:25]} 13. Nxf5 {[%clk 0:36:57]} Bxf5
{[%clk 0:48:37]} 14. Qe2 {[%clk 0:36:17]} Be7 {[%clk 0:41:45]} 15. Rad1
{[%clk 0:29:45]} h5 {[%clk 0:35:55]} 16. Qd2 {[%clk 0:17:24]} Bg6
{[%clk 0:25:32]} 17. Bg5 {[%clk 0:14:09]} Bxg5 {[%clk 0:19:45]} 18. Qxg5
{[%clk 0:14:37]} Qe7 {[%clk 0:16:49]} 19. Qc1 {[%clk 0:09:28]} h4
{[%clk 0:15:50]} 20. Bc2 {[%clk 0:07:46]} Bh5 {[%clk 0:15:57]} 21. f3
{[%clk 0:07:39]} O-O-O {[%clk 0:15:05]} 22. Ne4 {[%clk 0:07:17]} Kb8
{[%clk 0:14:54]} 23. Qd2 {[%clk 0:04:43]} Bg6 {[%clk 0:13:44]} 24. Nd6
{[%clk 0:04:36]} Bxc2 {[%clk 0:13:22]} 25. Qxc2 {[%clk 0:05:05]} Nc8
{[%clk 0:13:37]} 26. Ne4 {[%clk 0:04:53]} Rd5 {[%clk 0:13:20]} 27. Rd3
{[%clk 0:03:29]} Rhd8 {[%clk 0:13:16]} 28. Rfd1 {[%clk 0:03:40]} f6
{[%clk 0:11:12]} 29. f4 {[%clk 0:03:28]} Qf7 {[%clk 0:11:12]} 30. Qf2
{[%clk 0:03:24]} Qg6 {[%clk 0:10:35]} 31. Nc3 {[%clk 0:03:35]} R5d7
{[%clk 0:09:54]} 32. Qxh4 {[%clk 0:03:34]} Ne7 {[%clk 0:09:23]} 33. exf6
{[%clk 0:02:23]} gxf6 {[%clk 0:09:38]} 34. Qe1 {[%clk 0:02:22]} Nf5
{[%clk 0:09:15]} 35. Qe4 {[%clk 0:01:40]} Qg8 {[%clk 0:05:23]} 36. Na4
{[%clk 0:01:32]} Rd5 {[%clk 0:04:32]} 37. Nc3 {[%clk 0:01:41]} R5d6
{[%clk 0:03:53]} 38. b4 {[%clk 0:01:36]} Qe8 {[%clk 0:03:10]} 39. a4
{[%clk 0:01:56]} Qd7 {[%clk 0:03:22]} 40. Ne2 {[%clk 0:00:50]} e5
{[%clk 0:00:47]} 41. fxe5 {[%clk 0:27:20]} fxe5 {[%clk 0:30:46]} 42. d5
{[%clk 0:05:59]} cxd5 {[%clk 0:29:45]} 43. Qxe5 {[%clk 0:05:53]} Re8
{[%clk 0:28:26]} 44. Qf4 {[%clk 0:05:45]} Rxe2 {[%clk 0:20:40]} 45. Rxd5
{[%clk 0:06:04]} Qg7 {[%clk 0:11:05]} 46. g4 {[%clk 0:06:15]} Qe7
{[%clk 0:05:04]} 47. Rxd6 {[%clk 0:01:32]} Re1+ {[%clk 0:05:00]} 48. Kg2
{[%clk 0:01:31]} Nh4+ {[%clk 0:02:49]} 49. Kf2 {[%clk 0:00:47]} Qe2+
{[%clk 0:01:09]} 50. Kg3 {[%clk 0:01:16]}  1-0

[Event "Summer Prague Open 2022 - A"]
[Site "Olympik hotel, Sokolovska 138, Praha"]
[Date "2022.08.11"]
[Round "8"]
[Board "12"]
[White "Kulhanek, Tomas"]
[Black "Prilleltensky, Matan"]
[Result "1-0"]
[WhiteElo "2319"]
[BlackElo "2191"]
[PlyCount "0"]
[EventDate "2022.08.05"]
[EventRounds "9"]
[EventCountry "CZE"]

1. e4 {[%clk 1:30:57]} c5 {[%clk 1:30:52]} 2. Nc3 {[%clk 1:31:16]} e6
{[%clk 1:31:01]} 3. g3 {[%clk 1:31:34]} d5 {[%clk 1:31:06]} 4. d3
{[%clk 1:31:50]} Nf6 {[%clk 1:28:12]} 5. Bg2 {[%clk 1:31:39]} Be7
{[%clk 1:22:28]} 6. f4 {[%clk 1:29:57]} Nc6 {[%clk 1:19:45]} 7. e5
{[%clk 1:29:48]} Ng8 {[%clk 1:18:22]} 8. Nf3 {[%clk 1:30:01]} Nh6
{[%clk 1:15:17]} 9. O-O {[%clk 1:29:12]} Bd7 {[%clk 1:11:14]} 10. Ne2
{[%clk 1:27:14]} Qb6 {[%clk 1:06:00]} 11. c3 {[%clk 1:26:14]} f6 {[%clk 1:03:32]}
12. Kh1 {[%clk 1:24:00]} O-O-O {[%clk 1:02:34]} 13. d4 {[%clk 1:22:08]} fxe5
{[%clk 1:00:36]} 14. fxe5 {[%clk 1:21:17]} Nf5 {[%clk 0:57:52]} 15. g4
{[%clk 1:18:35]} Nh6 {[%clk 0:57:01]} 16. h3 {[%clk 1:17:06]} Rdf8
{[%clk 0:55:05]} 17. b3 {[%clk 0:57:11]} Nf7 {[%clk 0:53:27]} 18. a3
{[%clk 0:51:15]} g5 {[%clk 0:49:05]} 19. Ng3 {[%clk 0:50:29]} h6 {[%clk 0:41:36]}
20. b4 {[%clk 0:50:19]} c4 {[%clk 0:38:20]} 21. a4 {[%clk 0:48:48]} Qd8
{[%clk 0:37:02]} 22. Nh5 {[%clk 0:44:33]} Rhg8 {[%clk 0:36:08]} 23. b5
{[%clk 0:44:06]} Na5 {[%clk 0:35:39]} 24. Ba3 {[%clk 0:44:14]} Nb3
{[%clk 0:34:23]} 25. Bxe7 {[%clk 0:41:16]} Qxe7 {[%clk 0:34:47]} 26. Ra2
{[%clk 0:41:38]} Nh8 {[%clk 0:34:01]} 27. Nf6 {[%clk 0:40:16]} Rg7
{[%clk 0:33:08]} 28. h4 {[%clk 0:33:09]} Ng6 {[%clk 0:28:23]} 29. h5
{[%clk 0:32:22]} Nf4 {[%clk 0:27:43]} 30. Nd2 {[%clk 0:30:28]} Nxd2
{[%clk 0:19:50]} 31. Qxd2 {[%clk 0:30:45]} Rxf6 {[%clk 0:15:50]} 32. exf6
{[%clk 0:31:03]} Qxf6 {[%clk 0:16:17]} 33. Qe3 {[%clk 0:25:47]} Rf7
{[%clk 0:15:21]} 34. Raf2 {[%clk 0:22:05]} Kd8 {[%clk 0:12:35]} 35. Kh2
{[%clk 0:19:59]} Kc7 {[%clk 0:06:58]} 36. Kg3 {[%clk 0:16:33]} Kd6
{[%clk 0:04:28]} 37. Qc1 {[%clk 0:05:47]} b6 {[%clk 0:01:19]} 38. Rxf4
{[%clk 0:03:29]} gxf4+ {[%clk 0:01:42]} 39. Rxf4 {[%clk 0:03:43]} Qxf4+
{[%clk 0:01:35]} 40. Qxf4+ {[%clk 0:04:07]} Rxf4 {[%clk 0:02:03]} 41. Kxf4
{[%clk 0:04:30]} Ke7 {[%clk 0:29:24]} 42. g5 {[%clk 0:31:01]} hxg5+
{[%clk 0:25:30]} 43. Kxg5 {[%clk 0:31:25]} Kf7 {[%clk 0:14:44]} 44. h6
{[%clk 0:31:12]} Bc8 {[%clk 0:11:14]} 45. Bh3 {[%clk 0:29:49]} Bd7
{[%clk 0:09:11]} 46. Bg4 {[%clk 0:29:50]} a5 {[%clk 0:07:24]} 47. bxa6
{[%clk 0:29:16]} Bxa4 {[%clk 0:07:36]} 48. Bxe6+ {[%clk 0:29:25]}  1-0